Estudio de la historia (Registro nro. 3186)
[ vista simple ]
| 000 -LEADER | |
|---|---|
| fixed length control field | 01062 a2200193 4500 |
| 001 - CONTROL NUMBER | |
| control field | 40206 |
| 005 - DATE AND TIME OF LATEST TRANSACTION | |
| control field | 20260407155657.0 |
| 008 - FIXED-LENGTH DATA ELEMENTS--GENERAL INFORMATION | |
| fixed length control field | 260407a1959 arg spa d |
| 003 - CONTROL NUMBER IDENTIFIER | |
| control field | AR-UNSa-BCEJYS |
| 040 ## - CATALOGING SOURCE | |
| Original cataloging agency | AR-UNSa-BCEJYS |
| Language of cataloging | spa |
| Transcribing agency | AR-UNSa-BCEJYS |
| 080 ## - UNIVERSAL DECIMAL CLASSIFICATION NUMBER | |
| Universal Decimal Classification number | 930.85 |
| Common auxiliary subdivision | Historia de la civilización. Historia de la cultura |
| 100 1# - MAIN ENTRY--PERSONAL NAME | |
| Personal name | Toynbee, Arnold J. |
| 245 10 - TITLE STATEMENT | |
| Title | Estudio de la historia |
| 264 #1 - PRODUCTION, PUBLICATION, DISTRIBUTION, MANUFACTURE, AND COPYRIGHT NOTICE | |
| Place of production, publication, distribution, manufacture | Buenos Aires : |
| Name of producer, publisher, distributor, manufacturer | Emecé |
| Date of production, publication, distribution, manufacture, or copyright notice | 1959 |
| 300 ## - PHYSICAL DESCRIPTION | |
| Extent | 2v. (612- 428) p. |
| Dimensions | 23 cm. |
| 505 ## - FORMATTED CONTENTS NOTE | |
| Formatted contents note | 1. Introducción - 2. La génesis de las civilizaciones - 3. Los crecimientos de civilizaciones - 4. Los colapsos de las civilizaciones - 5. Las desintegraciones de las civilizaciones - 6. Estados universales - 7. Iglesias universales - 8. Edades heróicas - 9. Contactos entre civilizaciones en el espacio - 10. Contacto entre civilizaciones en el tiempo - 11. Ritmos en las historia de las civilizaciones - 12. Las perspetivas de las civilización occidental - 13. Las inspiracciones de los historiadores. |
| 590 ## - LOCAL NOTE (RLIN) | |
| Local note | niveau_biblio:m niveau_hierar:0 |
| 942 ## - ADDED ENTRY ELEMENTS (KOHA) | |
| Koha item type | |
| Withdrawn status | Lost status | Damaged status | Not for loan | Home library | Current library | Shelving location | Date acquired | Total checkouts | Full call number | Barcode | Date last seen | Price effective from | Koha item type |
|---|---|---|---|---|---|---|---|---|---|---|---|---|---|
| Biblioteca Prof. Eusebio Cleto del Rey | Biblioteca Prof. Eusebio Cleto del Rey | 07/04/2026 | 930.85 T756/1959 v.1 | L20920 | 07/04/2026 | 07/04/2026 | Libro | ||||||
| Biblioteca Prof. Eusebio Cleto del Rey | Biblioteca Prof. Eusebio Cleto del Rey | 07/04/2026 | 930.85 T756/1959 v.2 | L20919 | 07/04/2026 | 07/04/2026 | Libro |